L´ empereur Maximilien, son elévation et sa chute, d´ aprés desdocuments inédits (Record no. 3509)

MARC details
000 -CABECERA
campo de control de longitud fija 00717nam a2200217 a 4500
001 - NÚMERO DE CONTROL
campo de control BRCA_3780
005 - FECHA Y HORA DE LA ÚLTIMA TRANSACCIÓN
campo de control 20190320204425.0
008 - DATOS DE LONGITUD FIJA--INFORMACIÓN GENERAL
campo de control de longitud fija 081109s1867----gw-#---###---#000-0#fre-#
041 ## - CÓDIGO DE LENGUA
Código de lengua del texto/banda sonora o título independiente fre
044 ## - CÓDIGO DEL PAÍS DE LA ENTIDAD EDITORA/PRODUCTORA
Código MARC del país gw
050 #4 - SIGNATURA TOPOGRÁFICA DE LA BIBLIOTECA DEL CONGRESO
Número de clasificación F1233.K47
Número de documento/Ítem .M3 1867
100 1# - ENTRADA PRINCIPAL--NOMBRE DE PERSONA
Nombre de persona Keratry, Emile, comte de.
9 (RLIN) 9855
245 10 - MENCIÓN DE TÍTULO
Título L´ empereur Maximilien, son elévation et sa chute, d´ aprés desdocuments inédits
Mención de responsabilidad, etc. par le comte Émile de Kératry.
260 ## - PUBLICACIÓN, DISTRIBUCIÓN, ETC.
Lugar de publicación, distribución, etc. Leipzig, Alemania
Nombre del editor, distribuidor, etc. Duncker et Humboldt
Fecha de publicación, distribución, etc. 1867
300 ## - DESCRIPCIÓN FÍSICA
Extensión 323 p.
Dimensiones 21 cm.
500 ## - NOTA GENERAL
Nota general B139
600 14 - PUNTO DE ACCESO ADICIONAL DE MATERIA--NOMBRE DE PERSONA
Nombre de persona Maximiliano
Títulos y otros términos asociados al nombre Emperador de México
Fechas asociadas al nombre 1832-1867.
9 (RLIN) 4582
651 #4 - PUNTO DE ACCESO ADICIONAL DE MATERIA--NOMBRE GEOGRÁFICO
Nombre geográfico México
Subdivisión de forma Historia
Subdivisión general Intervención francesa,
Subdivisión cronológica 1861-1867.
9 (RLIN) 9856
902 ## - CATALOGADOR
Iniciales GFM
942 ## - ELEMENTOS DE PUNTO DE ACCESO ADICIONAL (KOHA)
Fuente del sistema de clasificación o colocación Library of Congress Classification
Tipo de ítem Koha Libros
Holdings
Estado de retiro Estado de pérdida Estado dañado No para préstamo Localización permanente Ubicación/localización actual Fecha de adquisición Número de inventario Total de préstamos Signatura topográfica completa Código de barras Fecha visto por última vez Precio válido a partir de Tipo de ítem Koha
El ejemplar forma parte de la colección y puede ser consultado según las políticas vigentes.       Biblioteca del Museo Franz Mayer (Rogerio Casas-Alatriste) Biblioteca del Museo Franz Mayer (Rogerio Casas-Alatriste) 08/11/2009 B139   F1233.K47 .M3 1867 (B139) 3777 22/03/2019 22/03/2019 Libros